000 00977cam a22002531i 4500
003 SA-RiAUC
005 20251030113710.0
008 251022s1991 su g f00000 ara c
040 _aSA-RiIMS
_bara
_cSA-RiAUC
_erda
082 0 4 _a212.2
_qSA-RiAUC
090 _a212.2
_bا ب ن ح
100 1 _aابن حميد، صالح بن عبد الله،
_d1369 هجري-
_eمؤلف.
245 1 0 _aأدب الخلاف /
_cصالح بن عبد الله بن حميد.
250 _aالطبعة الثانية.
264 1 _aمكة المكرمة :
_bجامعة أم القرى، اللجنة الثقافية العامة،
_c[1991]
300 _a54 صفحة ؛
_c16 سم
336 _aنص
_btxt
_2rdacontent
_3كتاب
337 _aبدون وسيط
_bn
_2rdamedia
338 _aمجلد
_bnc
_2rdacarrier
650 7 _aآداب السلوك
_2aucsh
650 7 _aالأخلاق الإسلامية
_2aucsh
942 _2ddc
_cBOOK
_n0
949 _aSA-JeALM
_d251022
_umohamedma123
_n1
999 _c12815
_d12815